00470nam a2200157Ia 4500100003700000490000600037942000700043654001300050245004200063260004200105082002000147300000800167546001200175999001700187952010800204 aSchildt/ & others/ Pappas/Chris  v3 cBK aComputer aOsborne Windows Programming Series bOsborne Mc graw HillaNew Yorkc1994 a005.133'W'bSCH a874 aENGLISH c23645d23645 001040708CRCaCRCEbCRCEc1556 | 80d2023-03-17l0o005.133'W' SCHp9812r2023-03-17w2023-03-17yBK